<?xml version="1.0" encoding="UTF-8"?>
<record
    xmlns:xsi="http://www.w3.org/2001/XMLSchema-instance"
    xsi:schemaLocation="http://www.loc.gov/MARC21/slim http://www.loc.gov/standards/marcxml/schema/MARC21slim.xsd"
    xmlns="http://www.loc.gov/MARC21/slim">

  <leader>01100nam a2200229 a 4500</leader>
  <controlfield tag="001">57562</controlfield>
  <controlfield tag="003">BD-RjUL</controlfield>
  <controlfield tag="005">20211209080528.0</controlfield>
  <controlfield tag="008">161210s1987    ii ||||| |||| 00| 0 ben d</controlfield>
  <datafield tag="035" ind1=" " ind2=" ">
    <subfield code="a">(BD-RjUL)57686</subfield>
  </datafield>
  <datafield tag="040" ind1=" " ind2=" ">
    <subfield code="a">BD-RjUL</subfield>
    <subfield code="b">ben</subfield>
    <subfield code="c">BD-RjUL</subfield>
    <subfield code="d">BD-RjUL</subfield>
  </datafield>
  <datafield tag="041" ind1=" " ind2=" ">
    <subfield code="a">ben</subfield>
  </datafield>
  <datafield tag="082" ind1=" " ind2=" ">
    <subfield code="2">23</subfield>
    <subfield code="a">891.44095405</subfield>
    <subfield code="b">BHU 1987</subfield>
  </datafield>
  <datafield tag="100" ind1=" " ind2=" ">
    <subfield code="a">&#x9AC;&#x9A8;&#x9CD;&#x9A6;&#x9CB;&#x9AA;&#x9BE;&#x9A7;&#x9CD;&#x9AF;&#x9BE;&#x9AF;&#x9BC;, &#x9AE;&#x9A8;&#x9C0;&#x9A8;&#x9CD;&#x9A6;&#x9CD;&#x9B0;&#x9A8;&#x9BE;&#x9A5; </subfield>
    <subfield code="9">170934</subfield>
  </datafield>
  <datafield tag="245" ind1="1" ind2="0">
    <subfield code="a">&#x98A;&#x9A8;&#x9AC;&#x9BF;&#x982;&#x9B6; &#x9B6;&#x9A4;&#x9BE;&#x9AC;&#x9CD;&#x9A6;&#x9C0;&#x9B0; &#x9B8;&#x9AD;&#x9BE;&#x9B8;&#x9AE;&#x9BF;&#x9A4;&#x9BF; /</subfield>
    <subfield code="c">&#x9AE;&#x9A8;&#x9C0;&#x9A8;&#x9CD;&#x9A6;&#x9CD;&#x9B0;&#x9A8;&#x9BE;&#x9A5; &#x9AC;&#x9A8;&#x9CD;&#x9A6;&#x9CB;&#x9AA;&#x9BE;&#x9A7;&#x9CD;&#x9AF;&#x9BE;&#x9AF;&#x9BC; &#x993; &#x9B8;&#x9A8;&#x9CD;&#x9A4;&#x9CB;&#x9B8; &#x995;&#x9C1;&#x9AE;&#x9BE;&#x9B0; &#x9A6;&#x9C7;</subfield>
  </datafield>
  <datafield tag="260" ind1=" " ind2=" ">
    <subfield code="a">&#x995;&#x9B2;&#x9BF;&#x995;&#x9BE;&#x9A4;&#x9BE; :</subfield>
    <subfield code="b">&#x9A6;&#x9C7;&#x99C; &#x9AA;&#x9BE;&#x9AC;&#x9B2;&#x9BF;&#x9B6;&#x9BF;&#x982;,</subfield>
    <subfield code="c">&#x9E7;&#x9EF;&#x9EE;&#x9ED;.</subfield>
  </datafield>
  <datafield tag="300" ind1=" " ind2=" ">
    <subfield code="a">&#x9EB;&#x9EC; &#x9AA;&#x9C3;. ;</subfield>
    <subfield code="c">&#x9E8;&#x9E8; &#x9B8;&#x9C7;&#x9AE;&#x9BF;.</subfield>
  </datafield>
  <datafield tag="650" ind1=" " ind2=" ">
    <subfield code="a">&#x9AC;&#x9BE;&#x982;&#x9B2;&#x9BE; &#x9B8;&#x9BE;&#x9B9;&#x9BF;&#x9A4;&#x9CD;&#x9AF;</subfield>
    <subfield code="z">&#x9AD;&#x9BE;&#x9B0;&#x9A4;</subfield>
    <subfield code="v">&#x987;&#x9A4;&#x9BF;&#x9B9;&#x9BE;&#x9B8; &#x993; &#x9B8;&#x9AE;&#x9BE;&#x9B2;&#x9CB;&#x99A;&#x9A8;&#x9BE;</subfield>
    <subfield code="x">&#x9B8;&#x9BE;&#x9AE;&#x9AF;&#x9BC;&#x9BF;&#x995;&#x9C0;</subfield>
    <subfield code="9">170935</subfield>
  </datafield>
  <datafield tag="650" ind1=" " ind2=" ">
    <subfield code="a">Bengali literature</subfield>
    <subfield code="z">India</subfield>
    <subfield code="v">History and Criticism</subfield>
    <subfield code="x">Periodicals</subfield>
    <subfield code="9">170936</subfield>
  </datafield>
  <datafield tag="700" ind1=" " ind2=" ">
    <subfield code="a">&#x9A6;&#x9C7;, &#x9B8;&#x9A8;&#x9CD;&#x9A4;&#x9CB;&#x9B8; &#x995;&#x9C1;&#x9AE;&#x9BE;&#x9B0; </subfield>
    <subfield code="9">170937</subfield>
  </datafield>
  <datafield tag="942" ind1=" " ind2=" ">
    <subfield code="2">ddc</subfield>
    <subfield code="c">BK</subfield>
  </datafield>
  <datafield tag="999" ind1=" " ind2=" ">
    <subfield code="c">57562</subfield>
    <subfield code="d">57562</subfield>
  </datafield>
  <datafield tag="952" ind1=" " ind2=" ">
    <subfield code="0">0</subfield>
    <subfield code="1">0</subfield>
    <subfield code="2">ddc</subfield>
    <subfield code="4">0</subfield>
    <subfield code="7">1</subfield>
    <subfield code="8">NFIC</subfield>
    <subfield code="a">RUCL</subfield>
    <subfield code="b">RUCL</subfield>
    <subfield code="c">Reading</subfield>
    <subfield code="d">1989-04-22</subfield>
    <subfield code="e">Karim International</subfield>
    <subfield code="g">5.00</subfield>
    <subfield code="l">0</subfield>
    <subfield code="o">B 891.44095405 BHU 1987</subfield>
    <subfield code="r">2016-12-10 00:00:00</subfield>
    <subfield code="t">C-1</subfield>
    <subfield code="w">2016-12-10</subfield>
    <subfield code="y">BK</subfield>
  </datafield>
</record>
